000 00357nam a22001697a 4500
003 UA-OsUOA
001 2831
007 ta
008 20050721b un ||||| |||| 00| 0 ukr d
100 _aTuso
700 _aJoseph F.
942 _cBK
040 _aUA-OsUOA
_cUA-OsUOA
_dUA-OsUOA
245 _aSinging the Vietnam blues.
_bArt
955 _a2
650 7 _2UDC
999 _c288993
_d288993